| 000 | 01114nam a22003377a 4500 | ||
|---|---|---|---|
| 003 | CHAP | ||
| 005 | 20220329143733.0 | ||
| 008 | 110511s2010 mx r 00010 spa d | ||
| 010 | _a101153 | ||
| 011 | _a102125 | ||
| 020 | _a9786071201768 | ||
| 035 | _a112813 | ||
| 040 | _cCHAP | ||
| 090 | _aCD-346 | ||
| 245 | 0 | 0 |
_aPresentación de avances de investigación 2010 _c/compilado por Horacio Eliseo Alvarado Raya |
| 260 |
_aChapingo, Méx,. : _bUACH, _c2010 |
||
| 300 |
_a1 disco compacto _b4 3/4 plg. |
||
| 590 |
_aBATCH-UPD _b10 _c20130110 _lUCH01 _h1658 |
||
| 590 |
_aBATCH-UPD _b10 _c20130410 _lUCH01 _h1046 |
||
| 590 |
_aBATCH-UPD _b10 _c20130914 _lUCH01 _h1446 |
||
| 590 |
_aCONVERSION _b10 _c20130109 _lUCH01 _h1356 |
||
| 650 | 1 | 4 |
_aFruta _xClasificación. _943599 |
| 650 | 1 | 4 |
_aFruta _xInvestigación. _943628 |
| 650 | 1 | 4 |
_aFruta _xVariedades. _943665 |
| 650 | 1 | 4 |
_aFruticultura _zMéxico. _943762 |
| 700 | 0 |
_aAlvarado Raya, Horacio Eliseo. _94816 |
|
| 901 | _aBK | ||
| 942 | _cCD | ||
| 949 |
_aCD-346 _bBC _cCD _d33724002256280 _eCD _i112813 _sb |
||
| 949 |
_aCD-346 _bBC _cCD _d33724002256322 _eCD _fc.2 _i112813 _sb |
||
| 999 |
_c101153 _d101153 |
||